000 00505nam a2200157Ia 4500
008 170221s9999 xx 000 0 und d
100 _aAlwakeel, Mohammed M.
245 _aQuadrature Spatial Modulation Performance Analysis over Rician Fading Channels
245 _cMohammed M. Alwakeel
260 _bJournal of Communications
260 _c2016
300 _a11 : 3
650 _xCommunication
650 _xMedia Arts
856 _uhttp://www.jocm.us/index.php?m=content&c=index&a=lists&catid=159
999 _c306873
_d306873